• 首页
  • 本馆介绍
  • 公告通知
  • 最新文献
  • 馆藏检索
  • 电子资源
  • 读者导购
  • 参考咨询
  • 我的图书馆
  • 登录
  • 详细信息显示
  • 放入我的书架
  • 预约/预借图书
  • 作者相关作品
  • 分类相关作品
  • 丛书相关作品
  • 出版社相关作品

书目信息

  • 表格格式
  • 工作单格式
  • 卡片格式
题名:
图解立案证据定罪量刑标准与法律适用
    
 
作者: ;《图解立案证据定罪量刑标准与法律适用》编写组 编
分册: 第三分册  
出版信息: 北京   中国法制出版社  2016
页数: 403页
开本: 26cm
丛书名: 最新执法办案实务丛书
单 册:
中图分类: D924.305 , D924.345
科图分类:
主题词: 刑事犯罪--xing shi fan zui--法律适用--中国 , 侵犯人身权利罪--qin fan ren shen quan li zui--法律适用--中国 , 侵犯财产罪--qin fan cai chan zui--法律适用--中国 , 危害国防利益罪--wei hai guo fang li yi zui--法律适用--中国
电子资源:
ISBN: 978-7-5093-7135-0
000 01573nam0 22003251 450
001 1730262847
005 20170527084640.18
010    @a978-7-5093-7135-0@dCNY58.00
100    @a20160503d2016 em y0chiy50 ea
101 0  @achi
102    @aCN@b110000
105    @ak zn 000yy
106    @ar
200 1  @a图解立案证据定罪量刑标准与法律适用@Atu jie li an zheng ju ding zui liang xing biao zhun yu fa lv shi yong@h第三分册@b专著@f本书编写组编
205    @a10版
210    @a北京@c中国法制出版社@d2016
215    @a403页@d26cm
225 2  @a最新执法办案实务丛书@Azui xin zhi fa ban an shi wu cong shu
330    @a本书采用图表的形式,按照概念、立案标准、定罪标准、证据参考标准、量刑标准、法律适用的体例结构形式,根据最新颁布的法律法规、司法解释、部门规章和规范性文件对公安部门管辖的侵犯公民人身权利、民主权利案·侵犯财产案·危害国防利益案进行释解。
461  0 @12001 @a最新执法办案实务丛书
512 1  @a图解立案证据定罪量刑标准与法律适用@h第三分册@i侵犯公民人身权利、民主权利案·侵犯财产案·危害国防利益案
606 0  @a刑事犯罪@Axing shi fan zui@x法律适用@y中国
606 0  @a侵犯人身权利罪@Aqin fan ren shen quan li zui@x法律适用@y中国
606 0  @a侵犯财产罪@Aqin fan cai chan zui@x法律适用@y中国
606 0  @a危害国防利益罪@Awei hai guo fang li yi zui@x法律适用@y中国
690    @aD924.305@v5
690    @aD924.345@v5
711 02 @a《图解立案证据定罪量刑标准与法律适用》编写组@Atu jie li an zheng ju ding zui liang xing biao zhun yu fa lv shi yong bian xie zu@4编
801  0 @aCN@bTANG WEI@c20170522
905    @b0968093-7@dD924.305@e679:3=10@f5
    
    图解立案证据定罪量刑标准与法律适用.第三分册/本书编写组编.-10版.-北京:中国法制出版社,2016
    403页;26cm.-(最新执法办案实务丛书)
    
    
    ISBN 978-7-5093-7135-0:CNY58.00
    本书采用图表的形式,按照概念、立案标准、定罪标准、证据参考标准、量刑标准、法律适用的体例结构形式,根据最新颁布的法律法规、司法解释、部门规章和规范性文件对公安部门管辖的侵犯公民人身权利、民主权利案·侵犯财产案·危害国防利益案进行释解。
●
相关链接 在E读中查询图书 在五车中查询图书 在当当中查询图书 在豆瓣中查询图书


正题名:图解立案证据定罪量刑标准与法律适用     索取号:D924.305/679:3=10         预约/预借

序号 登录号 条形码 馆藏地/架位号 状态 备注
1 0968093   209680932   第一样本阅览室/ [索取号:D924.305/679:3=10] 在馆    
2 0968094   209680941   第一借阅区/ [索取号:D924.305/679:3=10] 在馆    
3 0968095   209680950   第一借阅区/ [索取号:D924.305/679:3=10] 在馆    
4 0968096   209680969   第一借阅区/ [索取号:D924.305/679:3=10] 在馆    
5 0968097   209680978   密集书库-史法系/ [索取号:D924.305/679:3=10] 在馆    
唐山师范学院图书馆 欢迎您!
大连网信软件有限公司© 版权所有